Statistics for 20 Closest Country Pairs by Geographical Center

Click here to take the quiz!

General Stats

  • This quiz has been taken 82 times
  • The average score is 30 of 40

Answer Stats

COUNTRY A% Correct
Italy
97%
Italy
97%
Vatican City
93%
Austria
90%
San Marino
90%
Albania
89%
Albania
89%
Croatia
89%
Croatia
89%
Serbia
89%
Slovenia
89%
Slovenia
89%
Luxembourg
87%
Belgium
86%
Bosnia and Herzegovina
86%
Montenegro
86%
Kosovo
83%
Kosovo
83%
Kosovo
83%
Kosovo
83%
Macedonia
82%
Macedonia
82%
Switzerland
77%
Liechtenstein
76%
Senegal
68%
Rwanda
66%
Burundi
65%
Gambia
65%
Gambia
65%
Guinea-Bissau
62%
Qatar
55%
Bahrain
54%
Saint Kitts and Nevis
49%
Saint Lucia
49%
Saint Lucia
49%
Dominica
48%
Grenada
48%
Saint Vincent and the Grenadines
48%
Saint Vincent and the Grenadines
48%
Antigua and Barbuda
46%

Score Distribution

Percentile by Number Answered

Percent of People with Each Score

Your Score History

You have not taken this quiz